[Event "Copenhagen Chess Challenge"]
[Site "Ballerup DEN"]
[Date "2008.04.16"]
[Round "1"]
[White "Tikkanen,H"]
[Black "Hansen,LH"]
[Result "1/2-1/2"]
[WhiteElo "2437"]
[BlackElo "2072"]

1.d4 g6 2.c4 Nf6 3.g3 Bg7 4.Bg2 O-O 5.Nf3 d6 6.O-O c6 7.Nc3 Qa5 8.Bd2 Qh5
9.Qb3 e5 10.dxe5 dxe5 11.Bg5 Nbd7 12.h3 Nc5 13.Qa3 Ne6 14.Bxf6 Bxf6 15.Ne4 Bd8
16.g4 Qh6 17.Nxe5 Nf4 18.Qe3 f5 19.gxf5 Bxf5 20.Ng4 Bxg4 21.hxg4 Bc7 22.Rfe1 Qh4
23.Qf3 Rae8 24.Qg3 Nxe2+ 25.Rxe2 Bxg3 26.fxg3 Qd8 27.g5 Kg7 28.Rd2 Qb6+ 29.c5 Qb4
30.a3 Qb3 31.Rd7+ Kh8 32.Nf6 Qe3+ 33.Kh2 Rxf6 34.gxf6 Qh6+ 35.Kg1 Qe3+ 36.Kh2 Qh6+
37.Kg1 Qe3+  1/2-1/2

[Event "ch-Odessa Region"]
[Site "Odessa UKR"]
[Date "2008.04.21"]
[Round "6"]
[White "Bogdanovich,S"]
[Black "Golubev,M"]
[Result "1/2-1/2"]
[WhiteElo "2327"]
[BlackElo "2474"]

1.d4 Nf6 2.c4 g6 3.Nf3 Bg7 4.g3 O-O 5.Bg2 d6 6.O-O c6 7.Nc3 Qa5 8.e4 e5 9.h3 Nbd7
10.Re1 exd4 11.Nxd4 Ne5 12.Bf1 Re8 13.Be3 Be6 14.Nxe6 Rxe6 15.Kg2 Rae8 16.Qd2 h5
17.Rad1 Ned7 18.f3 a6 19.a3 b5 20.Ne2 Qc7 21.cxb5 cxb5 22.Nf4 R6e7 23.Qxd6 Qc2+
24.Rd2 Qc8 25.a4 Ne5 26.Be2 g5 27.Nd5 Nxd5 28.Qxd5 g4 29.hxg4 hxg4 30.fxg4 Rd7
31.Qb3 Nxg4 32.Bxg4 Rxd2+ 33.Bxd2 Qxg4 34.axb5 Rxe4 35.Qf3 Qxf3+ 36.Kxf3 Rxe1
37.Bxe1 axb5 38.b4 Kh7 39.Ke4 Kg6 40.Kd5 Kf5  1/2-1/2

[Event "IX EICC"]
[Site "Plovdiv BUL"]
[Date "2008.04.21"]
[Round "1"]
[White "Tahirov,F"]
[Black "Muratet Casadevall,A"]
[Result "1/2-1/2"]
[WhiteElo "2533"]
[BlackElo "2174"]

1.d4 Nf6 2.Nf3 g6 3.c4 Bg7 4.g3 O-O 5.Bg2 d6 6.O-O Nc6 7.d5 Na5 8.Nbd2 c5
9.e4 e5 10.dxe6 Bxe6 11.b3 Ng4 12.Rb1 Nc6 13.Ne1 Nd4 14.Ndf3 Qa5 15.Bb2 Nxf3+
16.Nxf3 Ne5 17.Ng5 Qxa2 18.Qxd6 Rad8 19.Qxc5 Nf3+ 20.Bxf3 Bxb2 21.Qb4 Rd3
22.Rbd1 Qxb3 23.Qxb3 Rxb3 24.Nxe6 fxe6 25.Bg4 e5 26.Be6+ Kh8 27.f4 Re8 28.f5 gxf5
29.exf5 e4 30.Rfe1 e3 31.g4 Bc3 32.Re2 Bf6 33.Kg2 a5 34.Kf3 Rd8 35.Bd5 b5
36.c5 Rc3 37.Rxe3  1/2-1/2

[Event "IX EICC"]
[Site "Plovdiv BUL"]
[Date "2008.04.21"]
[Round "1"]
[White "Dizdar,G"]
[Black "Elkin,L"]
[Result "1-0"]
[WhiteElo "2548"]
[BlackElo "2213"]

1.d4 Nf6 2.c4 g6 3.Nf3 Bg7 4.g3 O-O 5.Bg2 d6 6.Nc3 Nc6 7.d5 Na5 8.Nd2 c5
9.O-O a6 10.Rb1 Rb8 11.b3 b5 12.Bb2 bxc4 13.bxc4 Bh6 14.Ba1 Bf5 15.Rxb8 Qxb8
16.f4 Ng4 17.e4 Ne3 18.Qa4 Nxf1 19.Bxf1 Qb4 20.exf5 Bg7 21.Qc2 Rb8 22.fxg6 hxg6
23.Bd3 Bd4+ 24.Kg2 Kg7 25.Qc1 Kg8 26.Qc2 Kg7 27.h4 Bf6 28.Kh3 Bd4 29.Qc1 Kg8
30.Qc2 Kg7 31.Be2 Rh8 32.Qc1 Rb8 33.Nf3 Bf6 34.Nd1 Qb1 35.Bxf6+ exf6 36.Qd2 Rb4
37.Bd3 Nxc4 38.Qe2 Qc1 39.h5 Nb2 40.h6+ Kxh6 41.Qe7 Nxd1 42.Qf8+ Kh7 43.Qxf7+ Kh8
44.Qxf6+ Kg8 45.Qxg6+ Kf8 46.Qxd6+ Kg7 47.Qe7+ Kg8 48.Bh7+ Kh8 49.Qf6+  1-0

[Event "IX EICC"]
[Site "Plovdiv BUL"]
[Date "2008.04.21"]
[Round "1"]
[White "Drasko,M"]
[Black "Stanoev,A"]
[Result "1-0"]
[WhiteElo "2536"]
[BlackElo "2193"]

1.d4 Nf6 2.c4 g6 3.Nf3 Bg7 4.g3 O-O 5.Bg2 d6 6.O-O Nbd7 7.Qc2 e5 8.Rd1 Qe7
9.Nc3 c6 10.b3 Re8 11.e4 exd4 12.Nxd4 Nc5 13.f3 a5 14.Rb1 Nfd7 15.Nce2 h5
16.h3 h4 17.g4 Ne5 18.a3 a4 19.b4 Ne6 20.f4 Nxd4 21.Nxd4 Nd7 22.Bb2 Nb6 23.Rbc1 Qc7
24.Qf2 Nd7 25.Qxh4 Qb6 26.Qf2 c5 27.Nb5 Bxb2 28.Qxb2 cxb4+ 29.Qf2 Qxf2+ 30.Kxf2 bxa3
31.Nc7 Nc5 32.Nxe8 Nb3 33.Nxd6 Bd7 34.Rc2 Bc6 35.e5 Nc5 36.Ra2 Bxg2 37.Kxg2 Ra6
38.Rxa3 Rb6 39.Nb5 Rc6 40.Kf3 Ne6 41.Rxa4  1-0

[Event "II Open"]
[Site "La Laguna ESP"]
[Date "2008.04.22"]
[Round "2"]
[White "Kveinys,A"]
[Black "Fernandez Manrique,A"]
[Result "1-0"]
[WhiteElo "2515"]
[BlackElo "2166"]

1.d4 Nf6 2.Nf3 g6 3.c4 Bg7 4.g3 d6 5.Bg2 O-O 6.O-O Nc6 7.Nc3 Bg4 8.d5 Na5
9.b3 c5 10.dxc6 Nxc6 11.Bb2 a6 12.Nd4 Nxd4 13.Qxd4 Rb8 14.Rfd1 Be6 15.Rac1 Qa5
16.Qh4 Qh5 17.Qxh5 Nxh5 18.Ba3 b5 19.cxb5 axb5 20.Bb4 Rfc8 21.Nd5 Bxd5 22.Bxd5 Bb2
23.Rxc8+ Rxc8 24.Rb1 Be5 25.a4 Nf6 26.Bf3 bxa4 27.bxa4 Rb8 28.Bc6 Bc3 29.Bb5 Nd5
30.Ba3 Ba5 31.Rb3 Nc3 32.e3 Nxb5 33.Rxb5 Rxb5 34.axb5 Kf8 35.e4 Ke8 36.Kf1 Kd7
37.Ke2 Kc7 38.Kd3 Kb6 39.Kc4 Be1 40.f3 Bf2 41.g4 Kc7 42.e5 dxe5 43.Bxe7 Bg1
44.h3 f5 45.Bc5 Bxc5 46.Kxc5 e4 47.fxe4 fxg4 48.hxg4 h5 49.gxh5 gxh5 50.b6+ Kb7
51.e5 h4 52.e6  1-0

[Event "IX EICC"]
[Site "Plovdiv BUL"]
[Date "2008.04.22"]
[Round "2"]
[White "Vavrak,P"]
[Black "Bonev,T"]
[Result "1-0"]
[WhiteElo "2466"]
[BlackElo "2285"]

1.d4 Nf6 2.c4 g6 3.Nf3 Bg7 4.g3 O-O 5.Bg2 d6 6.O-O Nbd7 7.Nc3 e5 8.e4 exd4
9.Nxd4 Re8 10.h3 a6 11.Rb1 Rb8 12.Re1 Ne5 13.b3 Bd7 14.Bb2 Qc8 15.f4 Nc6
16.Nxc6 bxc6 17.g4 h5 18.f5 Nh7 19.Ne2 Bxb2 20.Rxb2 hxg4 21.hxg4 Qd8 22.Nf4 Qg5
23.Rf2 Nf6 24.Nh3 Qh4 25.fxg6 fxg6 26.g5 Ng4 27.Rf3 Ne5 28.Rc3 Rf8 29.Ree3 Rf7
30.Qe1 Qh5 31.c5 Rbf8 32.cxd6 cxd6 33.Qd2 Qh4 34.Rg3 Bg4 35.Qxd6 Bxh3 36.Bxh3 Qf4
37.Qd4 Re7 38.Qe3 Qh4 39.Bg2 Ng4 40.Rh3 Nxe3 41.Rxh4 Nxg2 42.Kxg2 Re5 43.Rg4 c5
44.Rf3 Rfe8 45.Rf6 Kg7 46.Kf3 Rxg5 47.Rxg5 Kxf6 48.Rxc5 Re6 49.Kf4 Rb6 50.Rd5 Rc6
51.Ra5 Rb6 52.Rc5 Ke6 53.Kg5 Ke7 54.Rc7+ Kd6 55.Rg7 Ke5 56.Re7+ Re6 57.Rxe6+ Kxe6
58.Kxg6 Ke5 59.Kf7 Kxe4 60.Ke6 Kd4 61.Kd6 Kc3 62.Kc5 Kb2 63.a4 Kxb3 64.a5  1-0

[Event "IX EICC"]
[Site "Plovdiv BUL"]
[Date "2008.04.22"]
[Round "2"]
[White "Lubczynski,R"]
[Black "Klokas,K"]
[Result "1-0"]
[WhiteElo "2418"]
[BlackElo "2160"]

1.d4 Nf6 2.c4 g6 3.Nf3 Bg7 4.g3 O-O 5.Bg2 d6 6.O-O Nbd7 7.Nc3 e5 8.e4 exd4
9.Nxd4 Re8 10.b3 a6 11.Re1 Rb8 12.Bb2 c5 13.Nc2 b5 14.cxb5 axb5 15.Qxd6 b4
16.Na4 Re6 17.Qd2 Qe7 18.Ne3 Nxe4 19.Bxe4 Rxe4 20.Nd5 Rxe1+ 21.Rxe1 Qd8 22.Ne7+ Kh8
23.Nc6 Qf8 24.Nxb8 Nxb8 25.Qd6  1-0

[Event "26th Metz Open"]
[Site "Metz St Symphorien FRA"]
[Date "2008.04.24"]
[Round "6"]
[White "Spirin,O"]
[Black "Coste,T"]
[Result "1-0"]
[WhiteElo "2430"]
[BlackElo "2182"]

1.d4 Nf6 2.c4 d6 3.Nf3 g6 4.g3 Bg7 5.Bg2 O-O 6.O-O a6 7.Nc3 Nc6 8.d5 Na5
9.Nd2 c5 10.Qc2 Rb8 11.b3 b5 12.Bb2 Nd7 13.Nd1 Bxb2 14.Nxb2 Re8 15.Nd3 Nf8
16.Qc3 Bd7 17.Rae1 Nb7 18.f4 Qa5 19.Qb2 Qc7 20.Qc3 b4 21.Qb2 a5 22.e4 Ra8
23.e5 Bf5 24.Be4 a4 25.Bxf5 gxf5 26.h4 axb3 27.axb3 Ra6 28.h5 Rea8 29.Nc1 e6
30.Rf2 Qd8 31.Nf3 h6 32.Rg2 Kh7 33.g4 Nd7 34.gxf5 dxe5 35.fxe6 fxe6 36.Nxe5 Nxe5
37.Qxe5 Qe7 38.f5 Rf8 39.Nd3 Raa8 40.Nf4 Rg8 41.Rg6 Raf8 42.Nxe6 Rf7 43.Qf4  1-0

[Event "IX EICC"]
[Site "Plovdiv BUL"]
[Date "2008.04.26"]
[Round "6"]
[White "Pantsulaia,L"]
[Black "Swiercz,D"]
[Result "1-0"]
[WhiteElo "2617"]
[BlackElo "2413"]

1.d4 Nf6 2.c4 g6 3.g3 Bg7 4.Bg2 O-O 5.Nf3 d6 6.Nc3 Nbd7 7.O-O e5 8.h3 c6
9.e4 Qb6 10.c5 dxc5 11.dxe5 Ne8 12.e6 fxe6 13.Ng5 Ne5 14.f4 Nf7 15.Nxf7 Bd4+
16.Kh2 Rxf7 17.e5 Nc7 18.Ne4 Nd5 19.a4 a5 20.Ra3 Qd8 21.Ng5 Re7 22.h4 Qf8
23.h5 b6 24.Be4 Qh6 25.Kg2 Qxh5 26.g4 Qh6 27.Rh3 Qf8 28.Bxg6 hxg6 29.Rfh1 Qg7
30.R1h2 Bxe5 31.fxe5 Qxe5 32.Qd3 Qf6 33.Rh6 Ba6 34.Rxg6+ Rg7 35.Rh8+ Kxh8
36.Qh3+ Kg8 37.Qh7+ Kf8 38.Qh8+ Ke7 39.Rxg7+ Kd6 40.Qh2+  1-0

[Event "IX EICC"]
[Site "Plovdiv BUL"]
[Date "2008.04.26"]
[Round "6"]
[White "Grachev,B"]
[Black "Szabo,G ROM"]
[Result "1-0"]
[WhiteElo "2610"]
[BlackElo "2516"]

1.d4 g6 2.Nf3 Nf6 3.c4 Bg7 4.g3 O-O 5.Bg2 d6 6.Nc3 Nc6 7.O-O a6 8.b3 Rb8
9.Nd5 Nh5 10.Bb2 e6 11.Ne3 Ne7 12.Qd2 f5 13.Rac1 Bh6 14.Ne1 g5 15.Nd1 Rf6
16.e3 g4 17.Nd3 Bg5 18.Nc3 Rh6 19.Rce1 e5 20.dxe5 dxe5 21.Nd5 e4 22.N3f4 Nxd5
23.Nxh5 Rxh5 24.cxd5 Rh6 25.Rc1 Bd7 26.Rfd1 Rc8 27.a4 b5 28.axb5 Bxb5 29.Bf1 Bxf1
30.Kxf1 Qe8 31.Rc6 Rxc6 32.dxc6 Rd8 33.Qc3 Rxd1+ 34.Ke2 Qg6 35.Kxd1 Be7 36.Kc2 a5
37.Qc4+ Kf8 38.Qd5 Bd6 39.Qxa5 Ke7 40.Bd4 Qe6 41.Kc3 h5 42.b4 h4 43.gxh4 Bxh2
44.b5 Kf7 45.h5 Be5 46.Qa4 g3 47.fxg3 Bxg3 48.Qc4 f4 49.exf4 Bxf4 50.h6 Bxh6
51.b6 Bd2+ 52.Kb3 e3 53.Qxe6+ Kxe6 54.bxc7  1-0

[Event "26th Liechtenstein Open"]
[Site "Triesen LIE"]
[Date "2008.04.27"]
[Round "3"]
[White "Prakken,G"]
[Black "Ardeleanu,A"]
[Result "0-1"]
[WhiteElo "2218"]
[BlackElo "2415"]

1.d4 Nf6 2.c4 g6 3.Nf3 Bg7 4.g3 O-O 5.Bg2 d6 6.O-O Nc6 7.Nc3 Bg4 8.d5 Na5
9.Qd3 c5 10.Rb1 a6 11.Bd2 b5 12.cxb5 axb5 13.b4 cxb4 14.Rxb4 Nc4 15.Rxb5 Nxd2
16.Qxd2 Bxf3 17.exf3 Qc7 18.f4 Rfc8 19.Ne2 Qc4 20.Rb4 Qxa2 21.Qxa2 Rxa2 22.Nd4 Rd2
23.Nc6 Bf8 24.Rb5 Ra8 25.Na5 Nd7 26.Nc4 Rd4 27.Ne3 Nc5 28.Rb2 Bg7 29.Rc2 Bf6
30.h4 Kg7 31.h5 Rda4 32.hxg6 hxg6 33.Rd1 Nb3 34.Rb1 Nd4 35.Rd2 Ra2 36.Rxa2 Rxa2
37.Rf1 Ne2+ 38.Kh2 Nc3 39.Bf3 Bd4 40.Kh3 Rd2 41.g4 Bxe3 42.fxe3 g5 43.Kg3 Nxd5
44.Bxd5 Rxd5 45.Kf3 Rd2 46.Ra1 d5 47.Ra7 e6 48.Ra4 Kf6 49.Rb4 Rd3 50.Kf2 d4
51.fxg5+ Kxg5 52.exd4 Rd1  0-1

[Event "Stuttgarter Stadtmeisterschaft A"]
[Site "Ditzingen GER"]
[Date "2008.05.02"]
[Round "3"]
[White "Reefschlaeger,H"]
[Black "Hirneise,J"]
[Result "1/2-1/2"]
[WhiteElo "2295"]
[BlackElo "2202"]

1.d4 Nf6 2.c4 g6 3.Nf3 Bg7 4.g3 O-O 5.Bg2 d6 6.O-O Nc6 7.Nc3 a6 8.h3 Bd7
9.e4 e5 10.dxe5 dxe5 11.Be3 Be6 12.b3 Qxd1 13.Rfxd1 Rfd8 14.Kf1  1/2-1/2

[Event "26th Liechtenstein Open"]
[Site "Triesen LIE"]
[Date "2008.05.02"]
[Round "8"]
[White "Gerhard,W"]
[Black "Bezler,R"]
[Result "0-1"]
[WhiteElo "2023"]
[BlackElo "2272"]

1.d4 Nf6 2.Nf3 g6 3.c4 Bg7 4.g3 O-O 5.Bg2 d6 6.O-O Nbd7 7.Nc3 e5 8.e4 exd4
9.Nxd4 Re8 10.h3 a6 11.Be3 Rb8 12.Qc2 Ne5 13.b3 c5 14.Nde2 b5 15.f4 Ned7
16.cxb5 axb5 17.Rad1 b4 18.Na4 Bb7 19.Rxd6 Bxe4 20.Qc1 Bxg2 21.Kxg2 Qe7 22.Rxd7 Nxd7
23.Rf3 Rbc8 24.Qc4 Qe4 25.Qxe4 Rxe4 26.Nc1 c4 27.bxc4 Rexc4 28.Nd3 Ra8  0-1

[Event "Kaupthing Open"]
[Site "Differdange LUX"]
[Date "2008.05.12"]
[Round "4"]
[White "Wirig,A"]
[Black "Raykhman,A"]
[Result "0-1"]
[WhiteElo "2477"]
[BlackElo "2242"]

1.d4 Nf6 2.Nf3 g6 3.c4 Bg7 4.g3 O-O 5.Bg2 d6 6.O-O Nbd7 7.Qc2 e5 8.Rd1 exd4
9.Nxd4 Re8 10.Nc3 a6 11.b3 Rb8 12.h3 Qe7 13.Bg5 h6 14.Be3 Nc5 15.Nd5 Nxd5
16.cxd5 Bd7 17.Rac1 Rbc8 18.Kh2 Kh7 19.a4 Qd8 20.Nc6 Qf6 21.Bd4 Qf5 22.Bxg7 Kxg7
23.Qxf5 Bxf5 24.Nd4 Be4 25.a5 Bxg2 26.Kxg2 Re5 27.b4 Nd7 28.f4 Re7 29.Rc2 Nf6
30.b5 Nxd5 31.Nf5+ gxf5 32.Rxd5 axb5 33.Rxb5 c6 34.Rxf5 Ra8 35.Kf3 d5 36.Rc5 f6
37.g4 Rae8 38.g5 fxg5 39.Kg4 Kg6 40.Re5 Rxe5 41.fxe5 Rxe5 42.Kf3 Rf5+ 43.Kg3 d4  0-1

[Event "Mayors Cup Open"]
[Site "Mumbai IND"]
[Date "2008.05.12"]
[Round "2"]
[White "Ubilava,E"]
[Black "Paramasivam,M"]
[Result "1-0"]
[WhiteElo "2558"]
[BlackElo "2131"]

1.d4 Nf6 2.c4 g6 3.g3 Bg7 4.Bg2 d6 5.Nf3 O-O 6.Nc3 Nbd7 7.O-O e5 8.e4 c6
9.Re1 exd4 10.Nxd4 Qb6 11.h3 Ne8 12.Nb3 Ne5 13.Bf1 f5 14.Be3 Qc7 15.f4 Nf7
16.exf5 Bxf5 17.Nd4 Bd7 18.Qd2 Nf6 19.Bg2 Rae8 20.Bf2 Qc8 21.Kh2 Rxe1 22.Rxe1 Re8
23.Rxe8+ Qxe8 24.b4 Bh6 25.Be3 Bg7 26.b5 Nh6 27.Bf2 Bf8 28.Qe2 Qxe2 29.Ndxe2 a6
30.bxa6 bxa6 31.Nd4 c5 32.Nb3 Be6 33.Na5 Bg7 34.Na4 Nd7 35.Bb7 Nb8 36.Nb6 Kf7
37.Nd5 Nf5 38.Nc7 Bc3 39.Nxe6 Kxe6 40.Nc6 Nxc6 41.Bxc6 Ne7 42.Bb7 a5 43.Kg2 Bb4
44.Kf3 d5 45.cxd5+ Nxd5 46.Ba6 Nf6 47.Bc4+ Kd6 48.g4 h6 49.Bf7 g5 50.fxg5 hxg5
51.Be3 Nd7 52.Ke4 Ke7 53.Bb3 Kf6 54.Kd5 Ne5 55.Bxc5 Bxc5 56.Kxc5 Ng6 57.Kb5 Nf4
58.Kxa5 Nxh3 59.Bc2 Nf2 60.Bf5 Ke5 61.a4 Nd1 62.Kb6 Ne3 63.Bc8 Kd6 64.a5 Nd5+
65.Kb7  1-0

[Event "I Open"]
[Site "Augustow POL"]
[Date "2008.05.13"]
[Round "5"]
[White "Marszalek,Mac"]
[Black "Kovalev,An"]
[Result "0-1"]
[WhiteElo "2355"]
[BlackElo "2560"]

1.d4 Nf6 2.Nf3 g6 3.c4 Bg7 4.g3 O-O 5.Bg2 d6 6.O-O Nc6 7.Nc3 Bf5 8.b3 e5
9.e3 Qe7 10.Ba3 e4 11.Nd2 a5 12.Nd5 Nxd5 13.cxd5 Nb4 14.Bxb4 axb4 15.Qc2 Rfe8
16.Qc4 h5 17.Rfc1 c5 18.dxc6 bxc6 19.Qxc6 h4 20.Nc4 Rac8 21.Qb5 d5 22.Nb2 Be6
23.Na4 Rb8 24.Qe2 Qg5 25.Rc7 Bg4 26.Qe1 hxg3 27.hxg3 Bf6 28.Rac1 Kg7 29.Ra7 Rh8
30.Rcc7 Rbf8 31.Qxb4 Qh5 32.Kf1 Qh1+ 33.Bxh1 Rxh1+ 34.Kg2 Bf3+  0-1

[Event "11th IHEM"]
[Site "Hamburg GER"]
[Date "2008.05.13"]
[Round "4"]
[White "Rogozenko,I"]
[Black "Lanka,Z"]
[Result "1/2-1/2"]
[WhiteElo "2072"]
[BlackElo "2473"]

1.d4 Nf6 2.c4 g6 3.Nf3 Bg7 4.g3 O-O 5.Bg2 d6 6.Nc3 a6 7.O-O Nc6 8.d5 Na5
9.Nd2 c5 10.Qc2 Rb8 11.b3 b5 12.Rb1 Bf5 13.e4 Bd7 14.Bb2 e5 15.Ne2 Nh5 16.f4 Bg4
17.Bf3 Bxf3 18.Nxf3 bxc4 19.fxe5 cxb3 20.axb3 dxe5 21.Bxe5 Rc8 22.Bxg7 Nxg7
23.Ne5 f5 24.Nc3 Re8 25.Nf3 c4 26.b4 Nb3 27.e5 Qb6+ 28.Kg2 Qxb4 29.e6 Qd6
30.Ng5 Rc7 31.Rf4 Nh5 32.Rh4 Nf6 33.Rd1 h5 34.h3 Rec8 35.Qe2 Na5 36.Qe3 Rb8
37.Qd4 Rb2+ 38.Kf3 Nh7 39.Nxh7 Rxh7 40.Qf6 Rg7 41.Rhd4 Nb3 42.Rxc4 Qb6 43.Ne2 Nd2+
44.Rxd2 Rxd2 45.Rc8+ Kh7 46.Qf8 Kh6 47.Qh8+ Rh7 48.Qf8+ Rg7 49.Qh8+  1/2-1/2

[Event "11th IHEM"]
[Site "Hamburg GER"]
[Date "2008.05.14"]
[Round "5"]
[White "Adly,A"]
[Black "Huschenbeth,N"]
[Result "1-0"]
[WhiteElo "2578"]
[BlackElo "2453"]

1.d4 Nf6 2.Nf3 g6 3.c4 Bg7 4.g3 O-O 5.Bg2 d6 6.O-O Nc6 7.Nc3 a6 8.Re1 Rb8
9.Rb1 Na5 10.Qd3 b5 11.cxb5 axb5 12.b4 Nc4 13.d5 Ng4 14.Nd4 Nge5 15.Qd1 Bd7
16.e3 Qe8 17.f4 Ng4 18.Qe2 e5 19.dxe6 Bxe6 20.Ncxb5 Ngxe3 21.Bxe3 Rxb5 22.Nxb5 Qxb5
23.Bf2 Qa4 24.Qd1 Qa6 25.Bd5 Nb2 26.Qb3 Nd3 27.b5 Qa8 28.Rxe6  1-0

[Event "11th IHEM"]
[Site "Hamburg GER"]
[Date "2008.05.14"]
[Round "6"]
[White "Rogozenko,I"]
[Black "Bogner,S"]
[Result "1-0"]
[WhiteElo "2072"]
[BlackElo "2423"]

1.d4 Nf6 2.c4 g6 3.Nf3 Bg7 4.g3 O-O 5.Bg2 d6 6.O-O Nbd7 7.Nc3 e5 8.e4 a6
9.h3 b5 10.dxe5 dxe5 11.Be3 Bb7 12.Nd2 c6 13.a3 Qe7 14.Qb1 Rfc8 15.Rd1 Rab8
16.Qa2 Ba8 17.Rac1 Nc5 18.Bxc5 Qxc5 19.b4 Qe7 20.Nb3 Nd7 21.c5 Nf8 22.Rd6 Ne6
23.Rcd1 Rd8 24.Ne2 Bf8 25.h4 Qc7 26.Qd2 Bxd6 27.cxd6 Qa7 28.Qc2 a5 29.Bh3 a4
30.Bxe6 axb3 31.Bxb3 c5 32.Qxc5 Qxc5 33.bxc5 Rbc8 34.Rc1 Bxe4 35.f4 exf4
36.gxf4 Kf8 37.Rc3 Bf5 38.Kf2 Bg4 39.Rc2 Ra8 40.Nd4 Rxa3 41.Rc3 Ra1 42.Nc6 b4
43.Re3 Rda8 44.Ne5 Bf5 45.c6 Rh1 46.Kg2 Rc1 47.c7 f6 48.Nc4 Ra6 49.Rd3 Bd7
50.Rd5 Rc6 51.Rd4 Rc3 52.Ba4 b3 53.Bxc6 Bxc6+ 54.Kf2 Bd7 55.Nb6 b2 56.Nxd7+ Ke8
57.Nxf6+ Kf7 58.Rb4 Rc2+ 59.Ke3  1-0

[Event "III President's Cup"]
[Site "Baku AZE"]
[Date "2008.05.16"]
[Round "5"]
[White "Esen,B"]
[Black "Isgandarova,K"]
[Result "1-0"]
[WhiteElo "2451"]
[BlackElo "2193"]

1.d4 Nf6 2.c4 g6 3.Nf3 Bg7 4.g3 O-O 5.Bg2 d6 6.O-O Nbd7 7.Nc3 e5 8.e4 exd4
9.Nxd4 Re8 10.h3 Nc5 11.Re1 a5 12.b3 c6 13.Rb1 h6 14.Kh2 Nh7 15.Rb2 f5 16.Rbe2 Qf6
17.exf5 Rxe2 18.Ncxe2 Bxf5 19.Nxf5 Qxf5 20.Be3 a4 21.Nd4 Qf6 22.b4 Nd7 23.b5 c5
24.Ne6 Nb6 25.Nc7 Rf8 26.Nd5 Nxd5 27.Bxd5+ Kh8 28.Bxb7 a3 29.Qd3 Ng5 30.Bg2 Qc3
31.Rd1 Nf7 32.Qxc3 Bxc3 33.Rd3 Bb2 34.f4 Kg7 35.Bd2 Kg8 36.b6 Rb8 37.b7 Nd8
38.Rxd6  1-0

[Event "Mayors Cup Open"]
[Site "Mumbai IND"]
[Date "2008.05.17"]
[Round "9"]
[White "Koneru,H"]
[Black "Arun Prasad,S"]
[Result "1/2-1/2"]
[WhiteElo "2603"]
[BlackElo "2465"]

1.d4 Nf6 2.c4 g6 3.g3 Bg7 4.Bg2 d6 5.Nf3 O-O 6.O-O c6 7.Nc3 Bf5 8.Ne1 e5
9.d5 cxd5 10.cxd5 Na6 11.e4 Bd7 12.Nd3 Qc7 13.Bd2 Rfc8 14.Rc1 Qc4 15.Qe2 Nb4
16.Nxb4 Qxb4 17.b3 Ne8 18.Rfe1 Qb6 19.Be3 Qa5 20.Qb2 f5 21.b4 Qd8 22.exf5 Bxf5
23.h3 Nf6 24.g4 Bd7 25.Qb3 Qf8 26.a4 a6 27.b5 Kh8 28.b6 Qf7 29.Qb4 Bf8 30.a5 h5
31.g5 Ne8 32.f4 Bf5 33.Ne2 Rxc1 34.Bxc1 Rc8 35.Bb2 Kh7 36.Rc1 Rxc1+ 37.Nxc1 exf4
38.Qxf4 Bg7 39.Bxg7 Qxg7 40.Nb3 Qc3 41.Nd4 Ng7 42.Kh2 Qa3 43.Ne6 Ne8 44.Nd8 Qxa5
45.Qe3 Ng7 46.Nxb7 Qb4 47.Nd8 a5 48.b7 a4 49.Qa7 Qf4+ 50.Kg1 Qc1+ 51.Kf2 Qd2+
52.Kg1 Qc1+ 53.Kh2 Qf4+ 54.Kh1 Qc1+ 55.Qg1 Qb2 56.Qa7 Qc1+ 57.Kh2 Qf4+ 58.Kg1 Qc1+
59.Kf2 Qd2+ 60.Kf3 Be4+ 61.Kxe4 Qxg2+ 62.Kd3 Qxd5+ 63.Qd4 Qb5+ 64.Qc4 Qb1+
65.Qc2 Qb5+ 66.Qc4 Qb1+ 67.Qc2  1/2-1/2

[Event "Mayors Cup Open"]
[Site "Mumbai IND"]
[Date "2008.05.18"]
[Round "10"]
[White "Bharat,P"]
[Black "Shashikant,K"]
[Result "0-1"]
[WhiteElo "1993"]
[BlackElo "2356"]

1.d4 Nf6 2.Nf3 g6 3.c4 Bg7 4.g3 d6 5.Bg2 O-O 6.O-O Nc6 7.d5 Na5 8.Qd2 Bf5
9.Qc3 c5 10.Bd2 Ne4 11.Qc1 Nxd2 12.Nfxd2 a6 13.Nc3 Rb8 14.a4 Bh6 15.f4 Bg7
16.e4 Bd7 17.Re1 b5 18.axb5 axb5 19.cxb5 Bxb5 20.Kh1 Bd4 21.e5 dxe5 22.fxe5 Bd3
23.Ra2 Bf2 24.Rd1 Nc4 25.Nxc4 Bxc4 26.b3 Bxb3 27.Rxf2 Bxd1 28.Qxd1 Qa5 29.Ne4 Rb4
30.d6 Rd4 31.Qf3 Qa7 32.h4 c4 33.h5 Rxe4 34.Qxe4 Qxf2 35.dxe7 Rb8 36.h6 Qc5
37.Qh4 Qxe5 38.Bc6 Rb1+ 39.Kh2 Rb2+ 40.Kh3 Qf5+ 41.Qg4 Qf1+ 42.Bg2 Qxg2+
43.Kh4 Qh1+ 44.Kg5 Qd5+  0-1

[Event "III President's Cup"]
[Site "Baku AZE"]
[Date "2008.05.20"]
[Round "9"]
[White "Fridman,D2"]
[Black "Manik,M"]
[Result "1-0"]
[WhiteElo "2640"]
[BlackElo "2439"]

1.d4 Nf6 2.Nf3 g6 3.c4 Bg7 4.g3 O-O 5.Bg2 d6 6.Nc3 Nbd7 7.O-O e5 8.e4 a6
9.dxe5 dxe5 10.Qc2 c6 11.h3 Re8 12.Be3 Bf8 13.Rfd1 Qc7 14.a3 a5 15.Na4 b6
16.Rab1 Ba6 17.Bf1 Qb7 18.Nc3 b5 19.cxb5 cxb5 20.b4 a4 21.Nd2 Re6 22.Qa2 h6
23.Nxa4 bxa4 24.b5 Bxb5 25.Rxb5 Qc8 26.Bc4 Re7 27.Rc1 Qe8 28.Rb4 Bg7 29.Qc2 Kh7
30.Bb5 Qd8 31.Bxa4 Nf8 32.Bb6 Qb8 33.Bc5 Rb7 34.Bxf8 Bxf8 35.Rxb7 Qxb7 36.Bc6  1-0

[Event "III President's Cup"]
[Site "Baku AZE"]
[Date "2008.05.20"]
[Round "9"]
[White "Esen,B"]
[Black "Mchedlishvili,M"]
[Result "1/2-1/2"]
[WhiteElo "2451"]
[BlackElo "2635"]

1.d4 Nf6 2.c4 g6 3.Nf3 Bg7 4.g3 O-O 5.Bg2 d6 6.O-O Nbd7 7.Nc3 e5 8.e4 c6
9.b3 a6 10.d5 cxd5 11.cxd5 Nc5 12.Ne1 a5 13.Nd3 b6 14.Re1 Nfd7 15.f3 f5 16.Rb1 Nf6
17.a3 fxe4 18.fxe4 Ng4 19.Rb2 Nxd3 20.Qxd3 b5 21.Nd1 Qb6+ 22.Ne3 Bd7 23.h3 Nf6
24.Kh2 Rac8 25.Bd2 Nh5 26.Nd1 b4 27.axb4 axb4 28.Be3 Qa5 29.Qd2 Ra8 30.Re2 Qa3
31.Ra2 Qxb3 32.Rb2 Qa3  1/2-1/2

[Event "17th Open"]
[Site "Chicago USA"]
[Date "2008.05.24"]
[Round "2"]
[White "Petrosian,TL"]
[Black "Sharavdorj,D"]
[Result "1/2-1/2"]
[WhiteElo "2616"]
[BlackElo "2440"]

1.d4 Nf6 2.c4 g6 3.Nf3 Bg7 4.g3 O-O 5.Bg2 d6 6.Nc3 Nbd7 7.O-O e5 8.h3 c6
9.dxe5 dxe5 10.Be3 Qe7 11.Qb3 Re8 12.Rfd1 Nc5 13.Qa3 Bf8 14.Nd2 Be6 15.Rac1 Red8
16.Qa5 h6 17.b4 Ncd7 18.a3 Nb6 19.Qxe5 Rxd2 20.Bxd2 Nxc4 21.Qf4 g5 22.Qf3 Ne5
23.Qe3 Nc4 24.Qd3 Rd8 25.Qc2 Nxa3 26.Qa4 Nc4 27.Be1 Nb2 28.Qxa7 Nxd1 29.Nxd1 Bd5
30.Bf1 Qe4 31.f3 Qe7 32.e4 Be6 33.Ne3 Nh5 34.Kg2 Qc7 35.Ng4 Bg7 36.Qe3 Ra8
37.Rc2 Nf6 38.Nf2 Qe5 39.Nd3 Qa1 40.Be2 Ra3 41.Qc1 Qxc1 42.Nxc1 Nd7 43.Nd3 f5
44.Bf2 Bb3 45.Rc1 Ra2 46.Kf1 fxe4 47.fxe4 Be6 48.g4 Kf7 49.Ke1 Bb3 50.Nc5 Nxc5
51.bxc5 Ke7 52.Bd3 Rb2 53.Kf1 Be5 54.Rb1 Ke6 55.Rxb2 Bxb2 56.Ke2 Be5 57.Kf3 Kf6
58.Be2 Ke6 59.Bd3 Kf6 60.Ke2 Ke6 61.Be3 Kf6 62.Kf3 Bd1+ 63.Be2 Bb3 64.Bf2 Ke6
65.Bd3 Kf6 66.Be2  1/2-1/2

[Event "11th Open A"]
[Site "Voesendorf AUT"]
[Date "2008.05.24"]
[Round "4"]
[White "Shengelia,D"]
[Black "Scharrer,P"]
[Result "0-1"]
[WhiteElo "2549"]
[BlackElo "2254"]

1.d4 Nf6 2.Nf3 g6 3.c4 Bg7 4.g3 O-O 5.Bg2 d6 6.O-O Nbd7 7.Nc3 e5 8.h3 Re8
9.Re1 exd4 10.Nxd4 Nc5 11.e4 a5 12.b3 h6 13.Ba3 a4 14.b4 Ne6 15.Ndb5 Ng5
16.Kh2 Qd7 17.e5 Rxe5 18.Rxe5 Nxh3 19.f3 Nf2 20.Qe1 N6g4+ 21.fxg4 Nxg4+ 22.Kg1 Bxe5
23.Rd1 Qf5 24.Nxc7 Bxc3 25.Qxc3 Qf2+ 26.Kh1 Ne3 27.Rg1 Bh3 28.Be4 Bg4 29.Rg2 Bf3
30.Bxf3 Qxf3 31.Qb2 Nxg2 32.Nxa8 Nf4+ 33.Kh2 Ne2  0-1

[Event "XXVII Open"]
[Site "Zalakarosi HUN"]
[Date "2008.05.25"]
[Round "4"]
[White "Horvath,P1"]
[Black "Horvath,Ad1"]
[Result "1/2-1/2"]
[WhiteElo "2469"]
[BlackElo "2524"]

1.d4 Nf6 2.Nf3 g6 3.c4 Bg7 4.g3 O-O 5.Bg2 d6 6.Nc3 Nbd7 7.O-O c6 8.e4 e5
9.h3 Qc7 10.Re1 Re8  1/2-1/2

[Event "17th Open"]
[Site "Chicago USA"]
[Date "2008.05.26"]
[Round "7"]
[White "Amanov,M"]
[Black "Van de Mortel,J"]
[Result "1-0"]
[WhiteElo "2396"]
[BlackElo "2421"]

1.d4 Nf6 2.Nf3 g6 3.c4 Bg7 4.g3 O-O 5.Bg2 d6 6.O-O c6 7.Nc3 Qa5 8.e4 e5 9.h3 Nbd7
10.Be3 exd4 11.Nxd4 Re8 12.Qc2 Ne5 13.b3 a6 14.Rad1 Qc7 15.Nde2 Rb8 16.Rd2 Bxh3
17.Bxh3 Nf3+ 18.Kh1 Nxd2 19.Bxd2 Qe7 20.Bg2 b5 21.cxb5 axb5 22.b4 Ng4 23.Kg1 h5
24.Nd1 d5 25.Qxc6 dxe4 26.Nec3 Rbd8 27.Nxe4 Qa7 28.Bg5 Rxd1 29.Qxe8+  1-0

[Event "ch-URU"]
[Site "Montevideo URU"]
[Date "2008.05.31"]
[Round "2"]
[White "Carvalho,Gu"]
[Black "Roselli Mailhe,B"]
[Result "1/2-1/2"]
[WhiteElo "2229"]
[BlackElo "2420"]

1.c4 g6 2.g3 Bg7 3.Bg2 d6 4.d4 Nf6 5.Nf3 O-O 6.O-O Nc6 7.Nc3 a6 8.h3 Rb8
9.e4 Nd7 10.Be3 h6 11.Rc1 Kh7 12.Kh2 e5 13.Nd5 Ne7 14.dxe5 dxe5 15.Qc2 Re8
16.Rfd1 Nc6 17.b4 Nf8 18.b5 Nd4 19.Nxd4 exd4 20.Bf4 Be5 21.Bxe5 Rxe5 22.Qb2 Nd7
23.Qxd4 c6 24.Ne3 Qe7 25.Qa7 Qc5 26.Qxc5 Rxc5 27.a4  1/2-1/2

[Event "ch-URU"]
[Site "Montevideo URU"]
[Date "2008.05.31"]
[Round "2"]
[White "Lopez Falcon,J"]
[Black "Guerrero,Alv"]
[Result "1-0"]
[WhiteElo "2158"]
[BlackElo "2216"]

1.d4 Nf6 2.Nf3 d6 3.c4 g6 4.g3 Bg7 5.Bg2 O-O 6.O-O Nc6 7.Nc3 a6 8.d5 Na5
9.Nd2 c5 10.Qc2 Rb8 11.b3 b5 12.Bb2 Nd7 13.Rab1 Ne5 14.Nd1 bxc4 15.bxc4 Bd7
16.f4 Rxb2 17.Nxb2 Ng4 18.Nd1 Qe8 19.e4 f5 20.h3 Bd4+ 21.Kh1 Ne3 22.Nxe3 Bxe3
23.Nf3 e5 24.fxe5 dxe5 25.Qc3 fxe4 26.Nh2 Nxc4 27.Qxc4 Rxf1+ 28.Nxf1 Bd4
29.Qe2 Qf8 30.Ne3 Bb5 31.Nc4 Qh6 32.Qg4 Kg7 33.Nd6 Kf8 34.Qe6 Kg7 35.Qf7+ Kh8
36.a4 g5 37.Nf5  1-0